000 00416nam a2200169 a 4500
001 0000-8571
003 ELIB.Books
008 110520 1979
035 _a(ELIB.Books)0000-8717
082 _a170
_bMen
100 _aMenninger, Karl
245 _aThe Vital Balance
260 _bEngland: Penguin Books
_c1979
650 _aMoral Philosophy
942 _2ddc
_cBK
998 _cbat
_e2011-05-20
999 _c8571
_d8571